[Event "BI-2014-P-0034"]
[Site "LSS email"]
[Date "2014.04.19"]
[Round "?"]
[White "Breuer, Stefan"]
[Black "Roegiers, Ludo"]
[Result "0-1"]
[WhiteElo "2153"]
[BlackElo "1434"]
[PlyCount "46"]
[EventDate "2014.04.25"]
[EventType "tourn (corr)"]
[EventRounds "10"]
[EventCountry "GER"]
[SourceTitle "Corr 2022"]
[Source "ChessBase"]
[SourceDate "2021.10.24"]
[SourceVersion "1"]
[SourceVersionDate "2021.10.24"]
[SourceQuality "1"]

1. e4 e6 2. d4 d5 3. e5 c5 4. Qg4 cxd4 5. Bd3 Nc6 6. Nf3 Nge7 7. 0-0 Ng6 8. Qg3 Be7 9. a3 Qc7 10. Re1 0-0 11. h4 f6 12. Bxg6 hxg6 13. Qxg6 Nxe5 14. Nxe5 fxe5 15. h5 Rf6 16. Qd3 e4 17. Qe2 Bc5 18. Rf1 Bd7 19. b4 Bb6 20. Bb2 Raf8 21. Nd2 Rf4 22. g3 d3 23. cxd3 Rxf2 0-1

[Event "OP-2013-0-03210"]
[Site "LSS email"]
[Date "2013.12.30"]
[Round "?"]
[White "Lauer, Frederic"]
[Black "Breuer, Stefan"]
[Result "0-1"]
[WhiteElo "1261"]
[BlackElo "2153"]
[PlyCount "30"]
[EventDate "2013.12.27"]
[EventType "tourn (corr)"]
[EventRounds "4"]
[EventCountry "GER"]
[SourceTitle "Corr 2022"]
[Source "ChessBase"]
[SourceDate "2021.10.24"]
[SourceVersion "1"]
[SourceVersionDate "2021.10.24"]
[SourceQuality "1"]

1. e4 b6 2. d4 Bb7 3. Bd3 e6 4. Nf3 c5 5. c3 d5 6. exd5 Qxd5 7. Bb5+ Nc6 8. 0-0 0-0-0 9. Be3 cxd4 10. Bxc6 Bxc6 11. Qxd4 Qh5 12. Qc4 Kb7 13. Nd4 Bd5 14. Qe2 Qxe2 15. Nxe2 Bc4 0-1

[Event "Oberliga Nord W 1112"]
[Site "Germany"]
[Date "2012.02.05"]
[Round "6.2"]
[White "Breuer, Stefan"]
[Black "Meyer, Malte"]
[Result "0-1"]
[WhiteElo "2343"]
[BlackElo "2315"]
[PlyCount "58"]
[EventDate "2011.10.02"]
[EventType "team-tourn"]
[EventRounds "9"]
[EventCountry "GER"]
[SourceTitle "EXT 2013"]
[Source "ChessBase"]
[SourceDate "2012.11.22"]
[SourceVersion "1"]
[SourceVersionDate "2012.11.22"]
[SourceQuality "1"]
[WhiteTeam "Salzgitter"]
[BlackTeam "Delmenhorst"]
[WhiteTeamCountry "GER"]
[BlackTeamCountry "GER"]

1. e4 e5 2. Nf3 Nc6 3. d4 exd4 4. Nxd4 Nf6 5. Nc3 Bb4 6. Nxc6 bxc6 7. Bd3 d5 8. exd5 cxd5 9. 0-0 0-0 10. Bg5 c6 11. Qf3 Bd6 12. Rfe1 Rb8 13. Na4 Rb4 14. b3 h6 15. a3 Rg4 16. Bd2 Rxa4 17. bxa4 Bg4 18. Bh7+ Kxh7 19. Qd3+ Kg8 20. Be3 c5 21. h3 Bh5 22. Rab1 Bg6 23. Qa6 d4 24. Bd2 Ne4 25. Ba5 Qf6 26. Qf1 Ng5 27. Qe2 Qf4 28. g3 Nf3+ 29. Kf1 Qf5 0-1

[Event "Oberliga Nord W 1112"]
[Site "Germany"]
[Date "2012.01.15"]
[Round "5.3"]
[White "Buck, Lars"]
[Black "Breuer, Stefan"]
[Result "1/2-1/2"]
[WhiteElo "2152"]
[BlackElo "2343"]
[PlyCount "77"]
[EventDate "2011.10.02"]
[EventType "team-tourn"]
[EventRounds "9"]
[EventCountry "GER"]
[SourceTitle "EXT 2013"]
[Source "ChessBase"]
[SourceDate "2012.11.22"]
[SourceVersion "1"]
[SourceVersionDate "2012.11.22"]
[SourceQuality "1"]
[WhiteTeam "Stade"]
[BlackTeam "Salzgitter"]
[WhiteTeamCountry "GER"]
[BlackTeamCountry "GER"]

1. d4 d6 2. e4 e5 3. dxe5 dxe5 4. Qxd8+ Kxd8 5. Bc4 f6 6. Be3 Bd6 7. Nd2 Nd7 8. 0-0-0 Bc5 9. Bxc5 Nxc5 10. Nb3+ Nd7 11. Nc5 Ke7 12. Ne6 c6 13. Nxg7 Nh6 14. f3 Nb6 15. Bb3 c5 16. Bd5 Nxd5 17. Rxd5 Rg8 18. Nh5 Rxg2 19. Rxc5 Bd7 20. Ng3 Rc8 21. Rxc8 Bxc8 22. N1e2 Rf2 23. Kd2 Rxf3 24. Rf1 Rxf1 25. Nxf1 f5 26. exf5 Nxf5 27. Nfg3 Nh4 28. Ke3 Be6 29. a3 Bf7 30. Nc3 Bg6 31. Nce4 Ng2+ 32. Kf2 Nf4 33. Ke3 b6 34. c4 h5 35. Nc3 Bc2 36. b4 Bb3 37. Nd5+ Nxd5+ 38. cxd5 Bxd5 39. Nxh5 1/2-1/2

[Event "Oberliga Nord W 1112"]
[Site "Germany"]
[Date "2011.10.02"]
[Round "1.3"]
[White "Piepho, Niels"]
[Black "Breuer, Stefan"]
[Result "0-1"]
[WhiteElo "2292"]
[BlackElo "2343"]
[PlyCount "90"]
[EventDate "2011.10.02"]
[EventType "team-tourn"]
[EventRounds "9"]
[EventCountry "GER"]
[SourceTitle "EXT 2013"]
[Source "ChessBase"]
[SourceDate "2012.11.22"]
[SourceVersion "1"]
[SourceVersionDate "2012.11.22"]
[SourceQuality "1"]
[WhiteTeam "Hannover"]
[BlackTeam "Salzgitter"]
[WhiteTeamCountry "GER"]
[BlackTeamCountry "GER"]

1. c4 Nf6 2. Nc3 g6 3. g3 Bg7 4. Bg2 0-0 5. e4 d6 6. Nge2 Nc6 7. 0-0 e5 8. d3 Nd7 9. Be3 Nc5 10. Qd2 Ne6 11. f4 f5 12. Rab1 a5 13. Nd5 Ncd4 14. fxe5 dxe5 15. Nxd4 exd4 16. Bh6 c6 17. exf5 Bxh6 18. Qxh6 gxf5 19. Nf4 Qf6 20. Qxf6 Rxf6 21. Rbe1 Bd7 22. Re5 Ng7 23. Rfe1 a4 24. Bf3 Re8 25. Kf2 b6 26. c5 Rb8 27. cxb6 Rxb6 28. R1e2 Kf8 29. Ra5 Ne6 30. Rxa4 Nxf4 31. gxf4 c5 32. Ra8+ Kf7 33. Bh5+ Kg7 34. Ra7 Kh6 35. Rxd7 Kxh5 36. Rxh7+ Kg4 37. Rc7 Rh6 38. Kg2 Kxf4 39. Rxc5 Rbg6+ 40. Kf1 Rh3 41. Ke1 Re3 42. Rcc2 Kf3 43. Kf1 Rxe2 44. Rxe2 Rg1+ 45. Kxg1 Kxe2 0-1

[Event "GER CupT"]
[Site "Germany"]
[Date "2010.02.21"]
[Round "2"]
[White "Breuer, Stefan"]
[Black "Kamp, Christoph"]
[Result "1-0"]
[WhiteElo "2350"]
[BlackElo "2268"]
[PlyCount "111"]
[EventDate "2010.02.20"]
[EventType "team-tourn"]
[EventRounds "2"]
[EventCountry "GER"]
[SourceTitle "CBM 135 Extra"]
[Source "ChessBase"]
[SourceDate "2010.05.04"]
[SourceVersion "1"]
[SourceVersionDate "2010.05.04"]
[SourceQuality "1"]

1. e4 e6 2. d4 d5 3. Nc3 Bb4 4. exd5 exd5 5. Bd3 Nc6 6. Nge2 Nge7 7. 0-0 Bg4 8. f3 Bf5 9. Bg5 Qd7 10. a3 Bxc3 11. Nxc3 f6 12. Be3 0-0 13. Bb5 a6 14. Ba4 b5 15. Bb3 Na5 16. Ba2 Nc4 17. Qc1 Nxe3 18. Qxe3 c6 19. Ne4 Bxe4 20. fxe4 Rae8 21. Rae1 Kh8 22. Qf3 dxe4 23. Rxe4 Nd5 24. Rfe1 Nc7 25. Qf4 Rxe4 26. Rxe4 g6 27. h4 Kg7 28. c3 Re8 29. h5 g5 30. Qe3 Rxe4 31. Qxe4 Kf8 32. h6 Nd5 33. Kf2 Nf4 34. g3 Nd5 35. Kg2 Nc7 36. Bb1 Kg8 37. Ba2+ Kf8 38. Bb1 Kg8 39. Qf3 Nd5 40. Be4 Qe6 41. Kf2 Ne7 42. g4 Nd5 43. Qf5 Qd6 44. Qxh7+ Kf8 45. Qh8+ Ke7 46. Qg7+ Kd8 47. Bxd5 cxd5 48. Ke2 Qh2+ 49. Kd3 Qg3+ 50. Kc2 Qg2+ 51. Kb3 Qf1 52. Qg8+ Ke7 53. Qxd5 Qd1+ 54. Ka2 Qxg4 55. h7 Qh3 56. Qg8 1-0

[Event "GER CupT"]
[Site "Germany"]
[Date "2010.02.20"]
[Round "1"]
[White "Schellmann, Frank"]
[Black "Breuer, Stefan"]
[Result "1/2-1/2"]
[WhiteElo "2141"]
[BlackElo "2350"]
[PlyCount "94"]
[EventDate "2010.02.20"]
[EventType "team-tourn"]
[EventRounds "2"]
[EventCountry "GER"]
[SourceTitle "CBM 135 Extra"]
[Source "ChessBase"]
[SourceDate "2010.05.04"]
[SourceVersion "1"]
[SourceVersionDate "2010.05.04"]
[SourceQuality "1"]

1. e4 e6 2. d4 d5 3. e5 c5 4. c3 Qb6 5. Nf3 Bd7 6. a3 Bb5 7. b4 cxb4 8. Bxb5+ Qxb5 9. cxb4 Nd7 10. Nc3 Qc6 11. Na4 Nb6 12. Nxb6 axb6 13. Bb2 Qd7 14. 0-0 b5 15. Ne1 Ne7 16. Nd3 Nc8 17. Nc5 Qc6 18. f4 Nb6 19. f5 Nc4 20. Bc1 Bxc5 21. bxc5 exf5 22. Rxf5 0-0 23. Qg4 Qe6 24. Rg5 g6 25. Qg3 b4 26. a4 b6 27. cxb6 Qxb6 28. Rg4 Rfe8 29. Qf2 b3 30. Rb1 Rxa4 31. Bh6 Ra2 32. Qf3 Nxe5 33. Qe3 Qe6 34. Qxe5 Qxe5 35. dxe5 Rxe5 36. Rb4 f5 37. R4xb3 Ree2 38. Rg3 Kf7 39. h4 Re4 40. Bg5 Ke6 41. Rc3 d4 42. Rc5 Rg4 43. Rb6+ Kd7 44. Rd5+ Kc8 45. Rc5+ Kd7 46. Rd5+ Kc8 47. Rc5+ Kd7 1/2-1/2

[Event "Niedersachsen-ch"]
[Site "Verden"]
[Date "2009.01.06"]
[Round "9"]
[White "Breuer, Stefan"]
[Black "Bode, Wilfried"]
[Result "1/2-1/2"]
[WhiteElo "2334"]
[BlackElo "2352"]
[PlyCount "129"]
[EventDate "2009.01.02"]
[EventType "swiss"]
[EventRounds "9"]
[EventCountry "GER"]
[SourceTitle "CBM 128 Extra"]
[Source "ChessBase"]
[SourceDate "2009.03.05"]
[SourceVersion "2"]
[SourceVersionDate "2009.03.25"]
[SourceQuality "1"]

1. e4 e5 2. Nf3 Nc6 3. d4 exd4 4. Nxd4 Bb4+ 5. c3 Bc5 6. Nxc6 bxc6 7. Bd3 Ne7 8. 0-0 d6 9. Nd2 a5 10. Qe2 0-0 11. Nf3 Ng6 12. Be3 Bxe3 13. Qxe3 Re8 14. Rfe1 Bd7 15. Rad1 Qf6 16. Qd4 Ne5 17. Nxe5 Qxe5 18. Bc4 Re7 19. Re3 Kf8 20. h3 c5 21. Qd3 Kg8 22. Rf1 Be6 23. Bd5 Bxd5 24. exd5 Qf6 25. Rfe1 Rxe3 26. Rxe3 g6 27. Qb5 Qd8 28. c4 Kg7 29. Rf3 a4 30. b4 axb3 31. Qxb3 Qe7 32. a4 Qe1+ 33. Kh2 Qb4 34. Qc2 Qxa4 35. Qb2+ Kg8 36. Qb7 Rf8 37. Qxc7 Qxc4 38. Qxd6 Qd4 39. Rf4 Qd2 40. Kg1 c4 41. Rxc4 Qe1+ 42. Kh2 Qxf2 43. Qe5 Rd8 44. Rd4 Qa2 45. h4 Qa6 46. d6 Qc8 47. Qf6 Rd7 48. h5 Qd8 49. Qe5 gxh5 50. Rd3 f6 51. Qe6+ Kh8 52. Kh3 Kg7 53. Kg3 Kh8 54. Kf4 Kg7 55. Kf5 h4 56. Rd5 h5 57. Kf4 Kg6 58. Kf3 Qc8 59. Qf5+ Kg7 60. Kf2 Qc6 61. Qd3 Qa4 62. Rd4 Qa2+ 63. Kg1 Qa1+ 64. Kh2 Qe1 65. Rd5 1/2-1/2

[Event "Niedersachsen-ch"]
[Site "Verden"]
[Date "2009.01.03"]
[Round "3"]
[White "Breuer, Stefan"]
[Black "Lubbe, Nikolas"]
[Result "1/2-1/2"]
[WhiteElo "2334"]
[BlackElo "2269"]
[PlyCount "62"]
[EventDate "2009.01.02"]
[EventType "swiss"]
[EventRounds "9"]
[EventCountry "GER"]
[SourceTitle "CBM 128 Extra"]
[Source "ChessBase"]
[SourceDate "2009.03.05"]
[SourceVersion "2"]
[SourceVersionDate "2009.03.25"]
[SourceQuality "1"]

1. Nf3 Nf6 2. g3 d5 3. Bg2 Bg4 4. Ne5 Bf5 5. c4 c6 6. Qb3 Qb6 7. Qxb6 axb6 8. cxd5 Bxb1 9. Rxb1 Nxd5 10. d3 f6 11. Nc4 Nd7 12. e4 Nc7 13. d4 b5 14. Nd2 e5 15. dxe5 Nxe5 16. Ke2 Rd8 17. Rd1 Ne6 18. Nb3 Rxd1 19. Kxd1 Nc5 20. Nxc5 Bxc5 21. Ke2 Ke7 22. b4 Bd4 23. Rb3 Rd8 24. f4 Nc4 25. h4 h6 26. h5 Ra8 27. Bh3 Rd8 28. Bf1 Ra8 29. Kd3 Rd8 30. Ke2 Ra8 31. Kd3 Rd8 1/2-1/2

[Event "Niedersachsen-ch"]
[Site "Verden"]
[Date "2009.01.03"]
[Round "4"]
[White "Plischki, Sebastian"]
[Black "Breuer, Stefan"]
[Result "1/2-1/2"]
[WhiteElo "2418"]
[BlackElo "2334"]
[PlyCount "82"]
[EventDate "2009.01.02"]
[EventType "swiss"]
[EventRounds "9"]
[EventCountry "GER"]
[SourceTitle "CBM 128 Extra"]
[Source "ChessBase"]
[SourceDate "2009.03.05"]
[SourceVersion "2"]
[SourceVersionDate "2009.03.25"]
[SourceQuality "1"]

1. d4 Nf6 2. c4 g6 3. Nf3 Bg7 4. g3 0-0 5. Bg2 d6 6. 0-0 Nbd7 7. Nc3 e5 8. e4 a6 9. h3 b5 10. Qc2 c6 11. Rd1 Qc7 12. c5 dxc5 13. dxe5 Ne8 14. Bf4 Nxe5 15. Nxe5 Bxe5 16. Bxe5 Qxe5 17. f4 Qe7 18. e5 c4 19. Qf2 Qc7 20. Qc5 Qa7 21. Ne4 Bf5 22. Qxa7 Rxa7 23. Nc5 h5 24. a4 Ng7 25. Rd6 Rc8 26. Rxc6 Rxc6 27. Bxc6 Rc7 28. axb5 axb5 29. Ra8+ Kh7 30. Ne4 Bxe4 31. Bxe4 b4 32. Kf2 Ne6 33. Ke3 c3 34. f5 c2 35. Bxc2 Rxc2 36. fxe6 fxe6 37. Re8 Rxb2 38. Rxe6 Kg7 39. Re7+ Kf8 40. Rb7 Rb3+ 41. Kf4 g5+ 1/2-1/2

[Event "Niedersachsen-ch M"]
[Site "Verden"]
[Date "2008.01.05"]
[Round "9"]
[White "Breuer, Stefan"]
[Black "Dan, Efim"]
[Result "1-0"]
[WhiteElo "2355"]
[BlackElo "2116"]
[PlyCount "93"]
[EventDate "2008.01.02"]
[EventType "swiss"]
[EventRounds "9"]
[EventCountry "GER"]
[SourceTitle "CBM 122 Extra"]
[Source "ChessBase"]
[SourceDate "2008.03.04"]
[SourceVersion "1"]
[SourceVersionDate "2008.03.04"]
[SourceQuality "1"]

1. e4 c5 2. c3 e6 3. d4 d5 4. e5 Qb6 5. Nf3 Nc6 6. a3 a5 7. b3 cxd4 8. cxd4 Nge7 9. Bb2 h5 10. Nc3 Nf5 11. Na4 Qa7 12. Rc1 Be7 13. Be2 Bd7 14. Nc5 Rd8 15. Qd2 Qb6 16. Qd3 Na7 17. a4 g6 18. 0-0 Kf8 19. h3 h4 20. Ba3 Be8 21. Qd2 Nc6 22. Bb5 Kg7 23. Kh2 Rc8 24. g4 hxg3+ 25. fxg3 Ncxd4 26. Nxd4 Bxc5 27. Nxf5+ exf5 28. Bd3 Be3 29. Qa2 Bc6 30. Be7 Bxc1 31. Bf6+ Kg8 32. Rxc1 Qe3 33. Rd1 f4 34. Qg2 d4 35. Qg1 f3 36. Qf1 Rh5 37. Bxg6 Rxe5 38. Bxe5 Qxe5 39. Bd3 Re8 40. Rd2 Qe3 41. Rf2 Kg7 42. Bb5 d3 43. Bxc6 bxc6 44. Rxf3 Qe2+ 45. Kg1 d2 46. Rxf7+ Kg8 47. Rf8+ 1-0

[Event "Oberliga Nord W 0708"]
[Site "Germany"]
[Date "2007.12.09"]
[Round "4.1"]
[White "Breuer, Stefan"]
[Black "Laubsch, Bernd"]
[Result "1/2-1/2"]
[WhiteElo "2355"]
[BlackElo "2260"]
[PlyCount "48"]
[EventDate "2007.10.21"]
[EventType "team-tourn"]
[EventRounds "9"]
[EventCountry "GER"]
[SourceTitle "EXT 2009"]
[Source "ChessBase"]
[SourceDate "2008.11.26"]
[SourceVersion "1"]
[SourceVersionDate "2008.11.26"]
[SourceQuality "1"]
[WhiteTeam "Salzgitter"]
[BlackTeam "Uelzen Post"]
[WhiteTeamCountry "GER"]
[BlackTeamCountry "GER"]

1. e4 c5 2. c3 Nf6 3. e5 Nd5 4. d4 cxd4 5. Qxd4 e6 6. Nf3 Nc6 7. Qe4 d6 8. Nbd2 dxe5 9. Nxe5 Nxe5 10. Qxe5 Qd6 11. Bb5+ Bd7 12. Bxd7+ Qxd7 13. 0-0 Qc7 14. Qxc7 Nxc7 15. c4 0-0-0 16. Ne4 Rd4 17. Nd2 f6 18. b3 Bc5 19. Nf3 Rd3 20. Ne1 Rd7 21. Nc2 Rhd8 22. Rb1 a6 23. a3 Rd3 24. Rb2 Rd1 1/2-1/2

[Event "Oberliga Nord W 0708"]
[Site "Germany"]
[Date "2007.11.25"]
[Round "3.1"]
[White "Breuer, Stefan"]
[Black "Wittje, Berthold"]
[Result "1-0"]
[WhiteElo "2355"]
[BlackElo "2297"]
[PlyCount "61"]
[EventDate "2007.10.21"]
[EventType "team-tourn"]
[EventRounds "9"]
[EventCountry "GER"]
[SourceTitle "EXT 2009"]
[Source "ChessBase"]
[SourceDate "2008.11.26"]
[SourceVersion "1"]
[SourceVersionDate "2008.11.26"]
[SourceQuality "1"]
[WhiteTeam "Salzgitter"]
[BlackTeam "Oldenburg Union"]
[WhiteTeamCountry "GER"]
[BlackTeamCountry "GER"]

1. e4 Nf6 2. Nc3 e5 3. Nf3 Nc6 4. a3 d5 5. Bb5 Nxe4 6. Nxe5 Qg5 7. Nxc6 Qxg2 8. Rf1 a6 9. Nxd5 axb5 10. Nxc7+ Kd7 11. Nxa8 Kxc6 12. Qe2 Bh3 13. d3 Nf6 14. a4 bxa4 15. Be3 Qxf1+ 16. Qxf1 Bxf1 17. Kxf1 b5 18. c4 bxc4 19. dxc4 Nd7 20. Rxa4 Bc5 21. b4 Bxe3 22. fxe3 Kb7 23. c5 Rc8 24. Ra5 f6 25. Ke2 Ne5 26. Nb6 Re8 27. b5 Ng4 28. Nd5 Re5 29. c6+ Kb8 30. c7+ Kb7 31. Ra8 1-0